Seminario de Extensión docente: etnopsicoanálisis
Este documento contiene una serie de textos que constituyeron el material teórico del Seminario de Extensión Docente "Etnopsicoanálisis", impartido en el Instituto de Investigaciones Sociales. Este seminario tuvo como objetivo analizar los sueños propios de los participantes del grupo, de...
Сохранить в:
| Главный автор: | |
|---|---|
| Соавтор: | |
| Формат: | Текст |
| Опубликовано: |
San José:
Instituto de Investigaciones Sociales
|
| Предметы: | |
| Метки: |
Добавить метку
Нет меток, Требуется 1-ая метка записи!
|
MARC
| LEADER | 00000 a a2200000 04500 | ||
|---|---|---|---|
| 001 | 31787 | ||
| 003 | |||
| 040 | |||
| 090 | |a 199000 | ||
| 100 | |a Hauser, Ursula | ||
| 110 | |a Universidad de Costa Rica. Facultad de Ciencias Sociales. Instituto de Investigaciones Sociales | ||
| 245 | |a Seminario de Extensión docente: etnopsicoanálisis | ||
| 260 | |a San José: |b Instituto de Investigaciones Sociales | ||
| 300 | |a 110 p. |b il. | ||
| 500 | |a Literatura usada en el seminario.Contenido: De la ansiedad al mLiteratura usada en el seminario.Contenido: De la ansiedad al método en las ciencias del comportamiento / G. Devereux. México: Siglo XXI,198-- La producción social de inconsciencia / M. Erdheim. México: Siglo XXI, 2003 | ||
| 520 | |a Este documento contiene una serie de textos que constituyeron el material teórico del Seminario de Extensión Docente "Etnopsicoanálisis", impartido en el Instituto de Investigaciones Sociales. Este seminario tuvo como objetivo analizar los sueños propios de los participantes del grupo, de manera que se pudieran investigar problemas sociales a partir de la producción onírica subjetiva | ||
| 650 | |a PSICOANALISIS | ||
| 650 | |a ANTROPOLOGIA SOCIAL Y CULTURAL | ||
| 650 | |a SEMINARIOS | ||
| 650 | |a CULTURA | ||
| 650 | |a MEDIO CULTURAL | ||
| 650 | |a ASPECTOS PSICOLOGICOS | ||
| 999 | |c 8890 |d 8890 | ||
